<?xml version="1.0" encoding="UTF-8"?>
<record
    xmlns:xsi="http://www.w3.org/2001/XMLSchema-instance"
    xsi:schemaLocation="http://www.loc.gov/MARC21/slim http://www.loc.gov/standards/marcxml/schema/MARC21slim.xsd"
    xmlns="http://www.loc.gov/MARC21/slim">

  <leader>02019nam a22001817a 4500</leader>
  <controlfield tag="005">20241024110715.0</controlfield>
  <controlfield tag="008">241024b           ||||| |||| 00| 0 eng d</controlfield>
  <datafield tag="020" ind1=" " ind2=" ">
    <subfield code="a">9780702071713</subfield>
  </datafield>
  <datafield tag="050" ind1=" " ind2=" ">
    <subfield code="a">RG951.S87(3e)</subfield>
  </datafield>
  <datafield tag="245" ind1=" " ind2=" ">
    <subfield code="a">Myles survival guide to midwifery /</subfield>
    <subfield code="c">Maureen Raynor and Christine Catling</subfield>
  </datafield>
  <datafield tag="250" ind1=" " ind2=" ">
    <subfield code="a">3rd ed.</subfield>
  </datafield>
  <datafield tag="260" ind1=" " ind2=" ">
    <subfield code="a">London :</subfield>
    <subfield code="b">Elsevier,</subfield>
    <subfield code="c">2012.</subfield>
  </datafield>
  <datafield tag="300" ind1=" " ind2=" ">
    <subfield code="a">xiv, 608 p. :</subfield>
    <subfield code="b">ill., col. ;</subfield>
    <subfield code="c">19 cm.</subfield>
  </datafield>
  <datafield tag="500" ind1=" " ind2=" ">
    <subfield code="a">Include appendix and index.</subfield>
  </datafield>
  <datafield tag="505" ind1=" " ind2=" ">
    <subfield code="a">Contents: Section 1: Anatomy and reproduction: The female pelvis and the reproductive organ -- The female urinary tract -- Hormonal cycle -- The placenta -- The fetus &#x2013; Section 2: Pregnancy: Preparing for pregnancy -- Change and adaptation in pregnancy -- Common disorders of and exercises for pregnancy -- Antenatal care -- Specialized fetal investigation -- Abnormalities of early pregnancy -- Problems of pregnancy -- Common medical disorders associated with pregnancy -- Hypertensive disorders of pregnancy -- Sexually transmissible and reproductive tract infections in pregnancy -- Multiple pregnancy -- Section 3: Labour: The first stage of labour -- The second stage of labour -- The third stage of labour -- Prolonged pregnancy and disorders of uterine action -- Malpositions of the occiput and malpresentations -- Operative births -- Midwifery and obstetric emergencies -- Section 4: Puerperium: Physiology and care in the puerperium -- Physical problems and complications in the puerperium -- Perinatal mental health -- Section 5: The new born baby: The baby at birth and neonatal resuscitation -- The normal baby -- Infant feeding -- The healthy low-birth-weight baby -- Recognizing the III baby -- Respiratory problems -- Trauma during birth, haemorrhage and convulsions -- Congenital malfunctions -- Jaundice and infection -- Metabolic disturbances, inborn errors of metabolism, endocrine disorders and drug withdrawal -- Complementary therapies and maternity care.      </subfield>
  </datafield>
  <datafield tag="700" ind1=" " ind2=" ">
    <subfield code="a">Catling, Christine.</subfield>
    <subfield code="9">3229</subfield>
  </datafield>
  <datafield tag="942" ind1=" " ind2=" ">
    <subfield code="2">lcc</subfield>
    <subfield code="c">BK</subfield>
  </datafield>
  <datafield tag="999" ind1=" " ind2=" ">
    <subfield code="c">10457</subfield>
    <subfield code="d">17957</subfield>
  </datafield>
  <datafield tag="952" ind1=" " ind2=" ">
    <subfield code="0">0</subfield>
    <subfield code="1">0</subfield>
    <subfield code="2">lcc</subfield>
    <subfield code="4">0</subfield>
    <subfield code="7">0</subfield>
    <subfield code="a">WIUC-1</subfield>
    <subfield code="b">WIUC-1</subfield>
    <subfield code="c">NURS L.</subfield>
    <subfield code="d">2024-10-24</subfield>
    <subfield code="l">0</subfield>
    <subfield code="o">RG951.S87(3e)</subfield>
    <subfield code="p">NURS/952/132/24</subfield>
    <subfield code="r">2024-10-24 00:00:00</subfield>
    <subfield code="t">1</subfield>
    <subfield code="w">2024-10-24</subfield>
    <subfield code="y">BK</subfield>
  </datafield>
  <datafield tag="952" ind1=" " ind2=" ">
    <subfield code="0">0</subfield>
    <subfield code="1">0</subfield>
    <subfield code="2">lcc</subfield>
    <subfield code="4">0</subfield>
    <subfield code="7">0</subfield>
    <subfield code="a">WIUC-1</subfield>
    <subfield code="b">WIUC-1</subfield>
    <subfield code="c">NURS L.</subfield>
    <subfield code="d">2024-10-24</subfield>
    <subfield code="l">0</subfield>
    <subfield code="o">RG951.S871(3e)</subfield>
    <subfield code="p">NURS/953/133/24</subfield>
    <subfield code="r">2024-10-24 00:00:00</subfield>
    <subfield code="t">2</subfield>
    <subfield code="w">2024-10-24</subfield>
    <subfield code="y">BK</subfield>
  </datafield>
</record>
